000 00761nam a2200217Ia 4500
003 GCL
008 140319s9999 xx 000 0 ara d
040 _aGCL /
_cGCL
082 0 4 _a616.8917
_bب ط
100 1 _aابراهيم سلامة ابراهيم
245 1 0 _aالطب النفسى والتحليل النفسى /
_cابراهيم سلامة ابراهيم
700 1 _aبرن، اريك
260 _aالقاهرة :
_bالهيئة المصرية العامة للكتاب ،
_c1998
300 _a416 ص ؛
_c24 سم
490 _aالالف كتاب الثانى
_v295
650 0 4 _aعلم النفس
650 0 4 _aالتحليل النفسى
650 0 4 _aالطب النفسى
650 0 4 _aالتوافق النفسى
942 _2ddc
_cBK
999 _c53023
_d53023